De puro caballero que soy
Saved in:
| Main Author: | |
|---|---|
| Format: | Book |
| Language: | Spanish |
| Published: |
Santiago
LOM
2004
|
| Edition: | 1a. ed |
| Series: | Colección Curiosas Miradas
|
| Subjects: | |
| Tags: |
Add Tag
No Tags, Be the first to tag this record!
|
MARC
| LEADER | 00000nam a2200000 a 4500 | ||
|---|---|---|---|
| 001 | UCK7664 | ||
| 003 | CL-VaPUC | ||
| 008 | 051202e20040000CL |||||||||||||||||spa|d | ||
| 020 | |a 956282621X | ||
| 082 | 0 | 4 | |a Ch863 |b ALL |2 21 |
| 100 | 0 | |a Alliende G., Felipe |e author |9 497176 | |
| 245 | 1 | 0 | |a De puro caballero que soy |
| 250 | |a 1a. ed | ||
| 300 | |a 102 p | ||
| 942 | |c BK | ||
| 945 | |d 20051202 00:00:00 |a cmena | ||
| 260 | |a Santiago |b LOM |c 2004 | ||
| 500 | |a Para niños de 10 años y más | ||
| 650 | 0 | |a Novelas chilenas |9 265425 | |
| 650 | 0 | |a Literatura chilena |9 308278 | |
| 650 | 0 | |a Literatura infantil |9 307465 | |
| 583 | |a last modification |c 20051202 00:00:00 |k Rodrigo Vera | ||
| 490 | 0 | |a Colección Curiosas Miradas | |
| 999 | |c 315516 |d 315514 | ||
| 952 | |0 0 |1 0 |4 0 |6 CH_863_000000000000000_ALL_2004 |7 0 |8 A |9 388827 |a BIBEDU |b BIBEDU |d 2019-11-22 |i 4189833 |o Ch863 ALL 2004 |p 4189833 |r 2019-11-22 |w 2019-11-22 |y BK |k LIT | ||